Suomalaiset koirarodut - Statistics

Yleistilastot
  • Tätä visaa on pelattu 201 kertaa
  • Keskiarvotulos 3 / 5
Vastaustilastot
Vastaus % Oikein
FCI 5 Suomenpystykorva
92%
FCI 6 Suomenajokoira
76%
FCI 5 Suomenlapinkoira
72%
FCI 5 Karjalankarhukoira
53%
FCI 5 Lapinporokoira
40%
Ehtoja vastaavia visoja ei löytynyt
Tulosjakauma
Jokaisen tuloksen saaneiden osuus
Persentiili vastausten määrän mukaan
Tuloshistoriasi
Et ole pelannut tätä visaa